000
00290nam a2200109Ia 4500
008
180116s9999 xx 000 0 und d
020
_a
9780323261999
245
_c
Jeffrey Papp
_a
Quality Management in the Imaging Sciences
250
_a
5th ed
260
_b
Mosby
_c
2015
300
_a
372 pages
999
_c
353258
_d
353258